000 00616nam a22002057a 4500
999 _c4383
_d4383
003 AR-CdUCM
008 190308b ||||| |||| 00| 0 spa d
040 _aMUNICIPALIDAD PROVINCIAL DEL CUSCO
_cBIBLIOTECA MUNICIPAL DEL CUSCO
082 _a869.56 /
_bG64
100 _aGonzales Viaña, Eduardo
_913841
245 _aIdentificación de David /
260 _aLima :
_bEdit.Universo,
_c1974.
300 _a158 paginas ;
_c20 cm.
440 _aNovela Universo
_913842
505 _aContenido :Novela /
650 _aLiteratura peruana
_9169
650 _aDemonología
_913843
942 _2ddc
_cLIBROS
945 _arjall